Digital computation and numerical methods /

Bibliographic Details
Main Author: Southworth, Raymond W.
Other Authors: De Leeuw, Samuel L.
Format: Book
Language:English
Published: New York : McGraw-Hill, [1965]
Series:McGraw-Hill series in information processing and computers.
Subjects:

MARC

Tag First Indicator Second Indicator Subfields
LEADER 00000cam a2200000 4500
001 in00000044609
005 20151007075029.0
008 711221s1965 nyua b 00010 eng u
010 |a  65020115  
035 |a (OCoLC)00185465 
035 |9 AAF2522AM 
040 |c AKR  |d TXA  |d UtOrBLW 
049 |a TXAM  |c [471048] 
050 0 |a TA345  |b .S6 
092 |a 620.001  |b S728d, 1965 
100 1 |a Southworth, Raymond W. 
245 1 0 |a Digital computation and numerical methods /  |c [by] Raymond W. Southworth [and] Samuel L. DeLeeuw. 
264 1 |a New York :  |b McGraw-Hill,  |c [1965] 
300 |a xiv, 508 pages :  |b illustrations 
336 |a text  |b txt  |2 rdacontent 
337 |a unmediated  |b n  |2 rdamedia 
338 |a volume  |b nc  |2 rdacarrier 
490 1 |a McGraw-Hill series in information processing and computers 
504 |a Bibliography: pages 491-492. 
650 0 |a Engineering  |x Data processing. 
650 0 |a Numerical analysis. 
650 0 |a FORTRAN (Computer program language) 
700 1 |a De Leeuw, Samuel L. 
830 0 |a McGraw-Hill series in information processing and computers. 
999 |a MARS 
999 f f |s 14648255-971a-3a6a-88d1-c883680a680d  |i 5a308165-55b9-3df8-ba85-7b1c19ece4c4  |t 0 
952 f f |p ric  |a Texas A&M University  |b Rellis Campus  |c Joint Library Facility  |d Remote Storage  |t 0  |e TA345 .S6  |h Library of Congress classification  |i unmediated -- volume  |m A14801031750 
998 f f |a TA345 .S6  |t 0  |l Remote Storage